000 00708nam a2200241Ia 4500
003 OSt
005 20220925220145.0
006 a|||||r|||| 00| 0
007 ta
008 220923b |||||||| |||| 00| 0 eng d
037 _cGeneral Book
040 _aRTL
_cRTL
_beng
041 _2eng
_aeng
082 _aX61, M6
100 _aStruthers J.
_9284256
245 0 _aMoney
_b Institutions, theory and policy
260 _aLondon
_bLongman U. K.
_c1986
300 _axiv, 386p. Appendix p.356; Bibliography p.357-74
_ccm.
650 _aEconomics-Money
_928470
700 _a Speight H.
_9284257
942 _hX61, M6
_cGB
_2CC
999 _c570661
_d570661